00978 2200301 4500001002100000005001500021035002000036007000300056008004100059020002200100082001400122084001600136100003500152245013400187250004200321300004200363650003400405504003100439264003200470336002100502337003000523338002300553040002200576090002200598850001200620999002200632990002200654INLIS00000000086823720220223114739 a0010-0222000704ta220223s2021 yoia g | ind d a978-623-6476-51-204223a658.3 a658.3 SIN m3 aSinurat, Siti NormiePengarang10aManajemen sumber daya manusia :bkepemimpinan transformasional, budaya organisasi dan kompetensi manajerial /cSiti Normi Sinurat aEdisi Pertama; Cetakan Pertama - 2021 axii, 80 halaman :bilustrasi ;c24 cm 4aManajemen sumber daya manusia aBibliografi: halaman 75-8031aYogyakarta :bExpert,c2021 2rdacontentateks 2rdamediaatanpa perantara 2rdacarrieravolume aYOPDYOGbinderda aCB-D.11 2021-1833 aYOPDYOG aCB-D.11/2021-1833 aCB-D.11/2021-1833